00423nam a2200145Ia 4500100002800000942000700028654001300035245004200048260003900090082001500129300000900144546001200153999001700165952009500182 aGrand/ Mark/ Knudsen/J  cBK aComputer aJava Fundamentals Classes Reference bOreilly & Ass IncaNew Delhic1997 a005.13 (J) a1045 aENGLISH c18565d18565 001040708CRCaCRCEbCRCEd2023-03-17l0o005.13 (J) p10750r2023-03-17w2023-03-17yBK